| 000 | 00794nam a22002535i 4500 | ||
|---|---|---|---|
| 001 | 11965 | ||
| 003 | ES-MaACL | ||
| 005 | 20230906150218.0 | ||
| 007 | t| | ||
| 008 | 930317s1993 sp ||||0| spa j | ||
| 020 | _a84-88341-14-8 | ||
| 040 |
_aM-BN _bspa _cM-BN |
||
| 080 | _a341.176(4-672 CE) | ||
| 100 | 1 |
_aSebastián, Luis de. _9105006 |
|
| 245 | 1 | 0 |
_aPensemos sobre Maastricht / _cLuis de Sebastián, Eduardo Rojo. |
| 260 |
_aBarcelona : _bCristianisme i Justícia, _cD.L. 1993. |
||
| 300 |
_a31 p ; _c21 cm. |
||
| 490 | 1 |
_aCristianisme i justícia ; _v52 |
|
| 630 | 0 | 7 |
_aTratado de la Unión Europea ( _d1992) _9125222 |
| 700 | 1 |
_aRojo, Eduardo. _999090 |
|
| 830 | 0 |
_aCristianisme i justícia ; _v52 _9179406 |
|
| 852 |
_aES-MaACL _j2150-F-9 _bR.121331 |
||
| 999 |
_c11965 _d11965 |
||